Devinez la Capitale Mystère #43 - Statistiques

Statistiques générales
  • Ce quiz a été pris 178 fois
  • Le résultat moyen est 32 sur 32
Statistiques - réponses
Type de Réponse Réponse % Correct
Lettre Trouvée A
100%
Lettre de l'Alphabet B
100%
Lettre de l'Alphabet E
100%
Lettre Trouvée I
100%
Lettre de l'Alphabet L
100%
Lettre de l'Alphabet N
100%
Lettre Trouvée R
100%
Lettre Trouvée S
100%
Lettre de l'Alphabet T
100%
Lettre Bien Placée A
99%
Lettre de l'Alphabet C
99%
Lettre de l'Alphabet D
99%
Lettre de l'Alphabet G
99%
Lettre de l'Alphabet H
99%
Lettre de l'Alphabet O
99%
Lettre de l'Alphabet U
99%
Lettre de l'Alphabet V
99%
Lettre de l'Alphabet F
98%
Lettre Bien Placée I
98%
Lettre de l'Alphabet J
98%
Lettre de l'Alphabet K
98%
Lettre de l'Alphabet M
98%
Lettre Bien Placée P
98%
Lettre Trouvée P
98%
Capitale Mystère Paris
98%
Lettre de l'Alphabet Q
98%
Lettre Bien Placée R
98%
Lettre Bien Placée S
98%
Lettre de l'Alphabet W
98%
Lettre de l'Alphabet X
98%
Lettre de l'Alphabet Y
98%
Lettre de l'Alphabet Z
98%
Aucun quiz correspondant
Distribution des résultats
% des personnes avec chaque résultat
Percentile par nombre de réponses
Votre historique - résultats
Vous n’avez pas pris ce quiz